Normal view
MARC view
- Mentoring in business
Entry Topical Term
001 - CONTROL NUMBER
- control field: 56328
003 - CONTROL NUMBER IDENTIFIER
- control field: KE-NaSUL
005 - DATE AND TIME OF LATEST TRANSACTION
- control field: 20250825154915.0
008 - FIXED-LENGTH DATA ELEMENTS
- fixed length control field: 250825|| aca||aabn | a|a d
040 ## - CATALOGING SOURCE
- Original cataloging agency: KE-NaSUL
- Transcribing agency: KE-NaSUL
150 ## - HEADING--TOPICAL TERM
- Topical term or geographic name as entry element: Mentoring in business
670 ## - SOURCE DATA FOUND
- Source citation: Work cat.: (KE-NaSUL)30778: Cohen, Norman H. (Norman Harris), 1941- 56327, The manager's pocket guide to effective mentoring /, c1999.